000
00304nam a2200121Ia 4500
008
191201s2017 xx 000 0 und d
100
_a
VADHERA, S.S.
245
0
_a
Text Book of Electrical Technology
260
_a
N. Delhi
_b
Bharat Pub
_c
2017
300
_a
336+IV
650
_a
M.Tech (ECE)
942
_2
ddc
_c
BK
999
_c
227
_d
227